MDQL
is popping MORE tags! Check the
thread
!
Quizzes
Events
Quiz Creation
Community
Videos
Private Events
Remove Ads
Sign In
Join for FREE
Feedback
Dark Mode
Quiz Categories
Sports
Geography
Music
Movies
Television
Just For Fun
Miscellaneous
History
Literature
Language
Science
Gaming
Entertainment
Religion
Holiday
For Kids
Quiz Lab
Recent
Popular Today
Quiz Kudos Today
Editor Picks
Curator Picks
Quizzes by...
Day
Popularity
Type
Ratings
Length
Year
Community
Subscriptions
Recent Discussions
Orange Saloon
Badges
Playlists
Quests
Create
Leaderboards
Showdown
Live 5
Trivia Bingo
Activity
Puzzle Library
Sporcle Events
Private Events
Virtual Trivia
Globe League
Become a Host
Pub Owners
SporcleCon
Opinionation
Our Games
Videos
Blog
Mobile Apps
Partnerships
Remove Ads and Go Orange
Feedback
Gaming
Video Games
Board Games
Card Games
Pokémon
Mario
Nintendo
Minecraft
Console
Toys
Legend of Zelda
Gaming
Video Games
Board Games
Card Games
Pokémon
Mario
Nintendo
Minecraft
Console
Toys
Legend of Zelda
Random Quiz
Search Sporcle
×
Quiz Lab
Quiz Lab
Gaming
Ratchet and Clank
Type in answers that appear in a list
Type in answers that appear in a list
Classic
Best Score? Go Orange.
Ratchet & Clank 3 Trivia Stats
Can you answer these questions about Ratchet & Clank 3: Up Your Arsenal?
By
Morsmordre21
4m
15 Questions
244 Plays
244 Plays
244 Plays
Comments
Comments
Give Quiz Kudos
Give Quiz Kudos
-
- Ratings
hide this ad
Forced Order
Answers have to be entered in order
Answers have to be entered in order
Replay
Link that replays current quiz
Next Quiz
Link to next quiz in quiz playlist
You Got
0%
They Got
Avg Score
64%
Avg Friend Score
Upgrade to see
Score Distribution
Jump to the score distribution portion of the page
Score
0/15
Timer
04:00
0
Plays Today
Question
Answer
% Correct
Who is the main villain?
Dr. Nefarious
98.8%
What is Clank's TV show?
Secret Agent Clank
90.6%
What is the first weapon you get in the game?
Blaster
82.4%
What planet did Ratchet and Clank find Captain Qwark?
Florana
74.2%
Who is Dr. Nefarious' servant?
Lawrence
74.2%
Name a member of the Q-
Force besides Ratchet, Clank, and Captain Qwark.
Skrunch / Helga / Skid / Sasha
73.8%
What device is used to turn creatures into robots?
Biobliterator
63.9%
How many multiplayer maps are there?
10
63.9%
Question
Answer
% Correct
What is the name for the swingshot in this game?
Hypershot
59.8%
In what planet will you find the Outpost X12?
Aridia
56.6%
What galaxy were Ratchet and Clank in before coming back to Veldin?
Bogon Galaxy
51.2%
Where do you fight Courtney Gears?
Obani Draco
50.8%
What planet does the final boss fight take place?
Mylon
48%
Where is Qwark's hideout?
Thran Asteroid
39.8%
What is the RY3NO upgraded to?
RYNOCIRATOR
35.2%
Quiz Playlist
Details
Report
Send in Message
Add To Playlist
Classic:
Type in answers that appear in a list
Forced Order:
Answers have to be entered in order
Last Updated: Feb 16, 2017
Quiz Scoreboard
CHALLENGE
Sign Up to Join the Scoreboard
Show All
Scores
Hide
Comments
May contain spoilers
Recently Published
Street Fighter Characters
by Artimus82
Gaming
60s
9x9 Crossword: Cartoon Network
by jackfrog10
Miscellaneous
3m
College Basketball Coaching Resumes
by pancakes188
Sports
9m
More to Explore
Quiz From the Vault
Featured Blog Post
Where Did the Easter Bunny Come From?
hide this ad
You Might Also Like...
Tags
Ratchet and Clank
Today's Top Quizzes in Gaming
Browse Gaming
hide this ad
Today's Top Quizzes in Ratchet and Clank
Browse Ratchet and Clank
Top Contributed Quizzes in Gaming
1
5-to-1: Consoles
2
7-to-1: Board Game Piece Blitz
3
5-to-1: Legend of Zelda
4
League of Legends Pro Players by Career/Team History
5
Destiny 2 exotic weapons by perk icons
6
Ultimate Genshin Impact Logic Puzzle (up to 4.3)
7
Franchise by Action Figure
8
Who's on the WWE 2K24 Cover?
9
Genshin Impact Logic Puzzle Quiz
10
Order the Pokémon Regions
Explore More
Trending Topics
Marvel
Crossword
Harry Potter
Disney
NBA
Anime
Kpop
Soccer
WWE
NFL
Puzzle
Pokémon
Country
The Office
Song
hide this ad
More By:
Morsmordre21
Quiz
Plays
Rating
Category
Featured
Created
Ministers of Magic
18,317
4.45
Literature
Jun 8, 2011
Sly Cooper Characters
1,741
2.80
Gaming
Jul 23, 2011
Places Sly Cooper Has Been
1,600
4.43
Gaming
Jun 13, 2012
What's New, Scooby Doo? Episodes
1,497
5.00
Television
Nov 8, 2013
Sly Cooper Weapons
990
5.00
Gaming
May 11, 2012
Go to Creator's Profile
Score Distribution
Quiz Creator Spotlight
Morsmordre21
Follow
Send a Message
Quizzes Created
-
Created Quiz Play Count
-
More By This Creator
Popular Quizzes Today
1
Find the US States - No Outlines Minefield
2
Find the Countries of Europe - No Outlines Minefield
3
The Countries of the World
4
Find the US States
5
Risky Map Clicking: Biggest States A-Z
6
US States
7
Popular People in 1961
8
Movies - When Are They Set?
More Gaming Quizzes
Monopoly Corner Consonants
Published
Trending Quizzes
Risky Map Clicking: Least Populous States A-Z
1-10 Letter G Words
Risky Map Clicking: Next State Alphabetically
Adjectives in 80s TV Shows
The Seven Year Switch: Catherine
Recently Updated
Leaping Animals
pecheneg
Reality TV Shows (A-Z)
bhenderson79
Rickey Henderson's Hall of Fame Teammates
pecheneg
Champions League XIs: Arsenal
pecheneg
Quick Pick: Celebrities in WWE's Hall of Fame
aduchscher
A-Z Keypad Blitz II
pecheneg
Multiple Oscar Actors
pecheneg
Mystery Phrase Blitz: Oscar 'Best Actors'
pecheneg
F. Scott Fitzgerald Novels
LTH
Pick 3 Villains
ddd62291
Trending Topics
Kpop
Disney
Marvel
Anime
Crossword
NBA
Harry Potter
Song
WWE
The Office
Country
Soccer
Pokémon
NFL
Puzzle
Your Account Isn't Verified!
In order to create a playlist on Sporcle, you need to verify the email address you used during registration. Go to your
Sporcle Settings
to finish the process.
Report this User
Report this user for behavior that violates our
Community Guidelines
.
Details:
Send Report
Go to the Sporcle.com Mobile Site →
Comments